01351nam a22002777a 45000010005000000030006000050050017000110080041000280200018000690400029000870500008001160820022001241000024001462450080001702500025002502600051002753000054003264900043003805050008004235200514004315210029009455210020009746500024009946500023010187000032010418175FISKH20260428100746.0250901b cb ||||| |||| 00| 0 eng d a9780462004693 aFISKHbengcFISKHdFISKH aPZ7 aF 808 SMI j aSmith, Ben eAuthor aThe jungle boat ride /cWritten by Ben Smith : Illustrated by Roger Harvey  aFirst published 2008 aLondon :bMarshall Cavendish Limited , c2008. a16 pages : bcolor illustrations ;c16 X 19 cm .  aMy Pals Are Here ! Reading Stars :v4d aJ  aThe Jungle Boat Ride by The Jungle Boat Ride is a short children’s adventure story about a group of people taking a boat ride through a jungle river. During the trip, they see different jungle animals and experience exciting moments along the way. The story uses simple language and colorful descriptions to help young readers imagine the sights and sounds of the jungle while learning about nature and adventure. It is written for beginning readers in the My Pals Are Here! Reading Stars series, Level 4. 8 a500 bLexile estimate 8 aJ bRaz-Plus  aJungle vAdventure  aBoat ridevAnimals aHarvey, RogereIllustrator